[Event "FRA-ch U18"]
[Site "Montlucon"]
[Date "2011.04.18"]
[Round "3"]
[White "Lebon, Yohan"]
[Black "Samoun, Florent"]
[Result "0-1"]
[WhiteElo "1867"]
[BlackElo "2192"]
[PlyCount "122"]
[EventDate "2011.04.17"]
[EventType "swiss"]
[EventRounds "9"]
[EventCountry "FRA"]
[SourceTitle "CBM 142 Extra"]
[Source "ChessBase"]
[SourceDate "2011.06.27"]
[SourceVersion "1"]
[SourceVersionDate "2011.06.27"]
[SourceQuality "1"]

1. d4 e6 2. c4 d5 3. Nf3 Nf6 4. g3 c5 5. cxd5 Qxd5 6. Nc3 Qd8 7. Bg2 Nc6 8. e3 cxd4 9. Nxd4 Nxd4 10. exd4 Bd6 11. 0-0 0-0 12. Bg5 h6 13. Be3 a6 14. Qd2 Rb8 15. Ne4 Nd5 16. Nc3 Nxe3 17. fxe3 b5 18. e4 b4 19. Ne2 a5 20. Kh1 Qb6 21. e5 Be7 22. h4 Ba6 23. Rf4 Rbd8 24. Rd1 Rc8 25. Rg4 Kh8 26. Nf4 Rfd8 27. Nh5 Bf8 28. Qf2 Rc7 29. Nxg7 Bxg7 30. Rxg7 Kxg7 31. Qf6+ Kh7 32. Qxd8 Bb7 33. d5 Bxd5 34. Bxd5 exd5 35. Qxd5 Qg6 36. Rf1 Kg7 37. Qd4 Qe6 38. Kg2 Rc4 39. Qd6 Rc2+ 40. Rf2 Rxf2+ 41. Kxf2 Qxa2 42. Qf6+ Kg8 43. Qd8+ Kh7 44. Qd3+ Kg7 45. Qd4 Qe6 46. Ke3 Kg6 47. Qd3+ Kh5 48. Qd1+ Qg4 49. Qe1 Kg6 50. Kd3 Kf5 51. Qf2+ Kxe5 52. Qc5+ Kf6 53. Qb6+ Kg7 54. Qf2 a4 55. Kc2 Qc4+ 56. Kb1 Qd3+ 57. Ka1 b3 58. Qe1 Qd4 59. Kb1 Kg6 60. Kc1 a3 61. Qe2 Qg1+ 0-1

[Event "Reunion op 12th"]
[Site "St Denis"]
[Date "2010.10.14"]
[Round "6"]
[White "Lebon, Yohan"]
[Black "Shoker, Samy"]
[Result "1/2-1/2"]
[WhiteElo "1819"]
[BlackElo "2458"]
[PlyCount "108"]
[EventDate "2010.10.09"]
[EventType "swiss"]
[EventRounds "9"]
[EventCountry "RUF"]
[SourceTitle "CBM 138 Extra"]
[Source "ChessBase"]
[SourceDate "2010.10.29"]
[SourceVersion "1"]
[SourceVersionDate "2010.10.29"]
[SourceQuality "1"]

1. d4 d6 2. c4 Nd7 3. Nc3 e5 4. Nf3 g6 5. d5 Bg7 6. e4 Ne7 7. Bd3 0-0 8. Be3 f5 9. g3 Nc5 10. Bxc5 dxc5 11. Qe2 f4 12. 0-0-0 a6 13. h3 fxg3 14. fxg3 Bd7 15. g4 Nc8 16. g5 Nd6 17. Rdf1 b5 18. b3 Qb8 19. Nd2 Rxf1+ 20. Qxf1 Qb6 21. Kb2 Qa5 22. Qe2 Rf8 23. Rf1 b4 24. Ncb1 Rf4 25. Qe3 c6 26. Rc1 Rh4 27. Bf1 Nf7 28. Nf3 Rxe4 29. Qxe4 Bf5 30. Qe3 e4+ 31. Kc2 exf3+ 32. Kd1 Bb2 33. Bd3 f2 34. Qxf2 Bxc1 35. Bxf5 gxf5 36. Kxc1 cxd5 37. cxd5 Nd6 38. Qf4 Qd8 39. Nd2 Qe7 40. Kc2 Nb5 41. Kd3 Nc3 42. Qxf5 Kg7 43. Qf6+ Qxf6 44. gxf6+ Kxf6 45. Ne4+ Ke5 46. Nxc3 bxc3 47. Kxc3 Kxd5 48. Kd3 h5 49. h4 Ke5 50. Ke3 Kf5 51. Kf3 a5 52. a4 Ke5 53. Ke3 Kd5 54. Kd3 Ke5 1/2-1/2

[Event "Reunion op 11th"]
[Site "St Denis"]
[Date "2009.10.12"]
[Round "4"]
[White "Rivolo, Jean Guillaume"]
[Black "Lebon, Yohan"]
[Result "0-1"]
[WhiteElo "1510"]
[BlackElo "1780"]
[PlyCount "104"]
[EventDate "2009.10.10"]
[EventType "swiss"]
[EventRounds "9"]
[EventCountry "RUF"]
[SourceTitle "CBM 132 Extra"]
[Source "ChessBase"]
[SourceDate "2009.11.03"]
[SourceVersion "1"]
[SourceVersionDate "2009.11.03"]
[SourceQuality "1"]

1. d4 d5 2. Nf3 Nf6 3. g3 e6 4. e3 c5 5. c3 Bd6 6. b3 0-0 7. Bg2 Nc6 8. c4 cxd4 9. Nxd4 Nxd4 10. Qxd4 Qc7 11. Bb2 Bb4+ 12. Nd2 dxc4 13. Qxc4 Bxd2+ 14. Kxd2 Qxc4 15. bxc4 Rb8 16. Be5 Ra8 17. Rab1 Ng4 18. Bf4 e5 19. f3 exf4 20. fxg4 Bxg4 21. exf4 Rad8+ 22. Kc3 b6 23. Rhe1 Rd7 24. Bc6 Rc7 25. Bg2 Be6 26. Bf1 Re8 27. Rb4 g6 28. Re4 Rc6 29. a4 Rd6 30. Rd4 Rxd4 31. Kxd4 Rd8+ 32. Ke3 Rd1 33. Be2 Rh1 34. h4 Ra1 35. Ke4 Bf5+ 36. Ke3 Bc2 37. Kd4 Bxa4 38. c5 bxc5+ 39. Kxc5 Bd1 40. Re4 Bxe2 41. Rxe2 Ra3 42. Rg2 Kg7 43. Kd4 a5 44. Ke5 Ra1 45. Ke4 a4 46. Kf3 a3 47. Rh2 f5 48. Ke3 a2 49. Re2 Kf6 50. Kf2 Rh1 51. Rxa2 Rh2+ 52. Ke1 Rxa2 0-1

[Event "Reunion op 09th"]
[Site "Reunion"]
[Date "2007.10.14"]
[Round "1"]
[White "Sriram, Jha"]
[Black "Lebon, Yohan"]
[Result "1-0"]
[WhiteElo "2458"]
[BlackElo "1768"]
[PlyCount "63"]
[EventDate "2007.10.14"]
[EventType "swiss"]
[EventRounds "9"]
[EventCountry "RUF"]
[SourceTitle "EXT 2012"]
[Source "ChessBase"]
[SourceDate "2011.11.24"]
[SourceVersion "1"]
[SourceVersionDate "2011.11.24"]
[SourceQuality "1"]

1. d4 d5 2. c4 e6 3. Nf3 Nf6 4. g3 c5 5. cxd5 Nxd5 6. Bg2 Nc6 7. 0-0 Qb6 8. e4 Nf6 9. d5 Ne7 10. Nc3 Ng6 11. Re1 Be7 12. d6 Bd8 13. e5 Nd7 14. h4 h6 15. h5 Ngf8 16. a4 a6 17. a5 Qa7 18. Be3 Rb8 19. b4 b6 20. axb6 Bxb6 21. Nb5 Qa8 22. bxc5 Bd8 23. Nfd4 Bb7 24. c6 Nxe5 25. Nc7+ Bxc7 26. dxc7 Nxc6 27. Bxc6+ Bxc6 28. cxb8Q+ Qxb8 29. Nxc6 Qc7 30. Rxa6 f6 31. Bf4 e5 32. Qd5 1-0

[Event "Reunion op 07th"]
[Site "Reunion"]
[Date "2004.10.14"]
[Round "6"]
[White "Lebon, Yohan"]
[Black "Adras, Cedric"]
[Result "0-1"]
[WhiteElo "1300"]
[BlackElo "1390"]
[PlyCount "76"]
[EventDate "2004.10.09"]
[EventType "swiss"]
[EventRounds "9"]
[EventCountry "RUF"]
[SourceTitle "CBM 102 Extra"]
[Source "ChessBase"]
[SourceDate "2004.11.03"]
[SourceVersion "1"]
[SourceVersionDate "2004.11.03"]
[SourceQuality "1"]

1. c4 d6 2. d4 Nf6 3. e3 g6 4. Nc3 Bg7 5. Nf3 Bf5 6. Bd3 Bxd3 7. Qxd3 Nc6 8. 0-0 Nb4 9. Qd1 c5 10. a3 cxd4 11. exd4 Nc6 12. d5 Na5 13. Qa4+ Nd7 14. Rb1 0-0 15. Bd2 Nc5 16. Qb4 Rc8 17. Nb5 Nd3 18. Qxa5 Qxa5 19. Bxa5 a6 20. Nc3 Rxc4 21. Nd2 Rcc8 22. Rfd1 b5 23. Nf3 Nxb2 24. Rxb2 Bxc3 25. Bxc3 Rxc3 26. Ra1 Rfc8 27. g3 Rxf3 28. Re2 Kf8 29. Rae1 Rc7 30. Re3 Rxe3 31. Rxe3 Rc1+ 32. Kg2 Rd1 33. Rc3 Rxd5 34. Rc8+ Kg7 35. Ra8 Rd4 36. Rxa6 Ra4 37. Rb6 Rxa3 38. Rxb5 Kf6 0-1

[Event "Reunion op 07th"]
[Site "Reunion"]
[Date "2004.10.10"]
[Round "3"]
[White "Lebon, Yohan"]
[Black "Dijoux, Julien"]
[Result "0-1"]
[WhiteElo "1300"]
[BlackElo "1680"]
[PlyCount "74"]
[EventDate "2004.10.09"]
[EventType "swiss"]
[EventRounds "9"]
[EventCountry "RUF"]
[SourceTitle "CBM 102 Extra"]
[Source "ChessBase"]
[SourceDate "2004.11.03"]
[SourceVersion "1"]
[SourceVersionDate "2004.11.03"]
[SourceQuality "1"]

1. c4 e5 2. e3 Nf6 3. d4 exd4 4. exd4 Bb4+ 5. Bd2 Bxd2+ 6. Nxd2 0-0 7. Ngf3 Re8+ 8. Be2 Qe7 9. Nb3 d6 10. Nc1 Bg4 11. 0-0 Bxf3 12. Bxf3 c6 13. Nd3 Nbd7 14. Re1 Qf8 15. Bg4 Rxe1+ 16. Qxe1 Nxg4 17. Qe4 Ngf6 18. Qf3 Re8 19. Qh3 Qe7 20. b3 Qe4 21. d5 Ne5 22. Nxe5 Qxe5 23. g3 Qxa1+ 24. Kg2 Qe5 25. a3 cxd5 26. cxd5 Qxd5+ 27. f3 Re2+ 28. Kg1 Qd1+ 29. Qf1 Re1 30. Qxe1 Qxe1+ 31. Kg2 Qe2+ 32. Kh3 Qxf3 33. b4 Qxa3 34. b5 Ne4 35. b6 axb6 36. Kg2 Qxg3+ 37. Kf1 Qf2# 0-1